Ringató

Bibliographic Details
Main Author: Kecskés, Márta (Author)
Format: Article
Language:Hungarian
Slovak
PhysicalDescription:Fotografie
ISSN:2453-7241
Subjects:

MARC

LEADER 00000nab a2200000 4500
001 vtls011919191
003 SK-MaSNL
005 20260318132550.0
008 200221|2019 xo |||| || ||00 0|hun
015 |a SNBR2020/02 
040 |a DSZK  |b slo  |d DSZK  |e rda 
041 |a hun  |a slo 
043 |a e-xo--- 
044 |a xo  |c SK 
072 7 |a 316.3  |x Globálne spoločnosti. Sociálna štruktúra. Sociálne skupiny  |2 konspekt 
072 7 |a 37  |x Výchova a vzdelávanie  |2 konspekt 
080 |a 316.346.32-053.4  |x (437.612)  |2 2011 
080 |a 316.356.2-055.52  |x (437.612)  |2 2011 
080 |a 37.015.31:7  |2 2011 
100 1 |a Kecskés, Márta  |4 aut  |9 1218140 
245 1 0 |a Ringató  |c Kecskés Márta 
300 |b Fotografie 
336 |a text  |b txt  |2 rdacontent 
337 |a bez média  |b n  |2 rdamedia 
338 |a zväzok  |b nc  |2 rdacarrier 
546 |a Súbežný text v slovenčine 
650 0 7 |a Kolembačka (program)  |2 dszk  |9 1218141 
650 0 7 |a batoľatá  |2 SNKPH  |9 1226 
650 0 7 |a matky  |2 SNKPH  |9 4906 
650 0 7 |a artefiletika  |2 SNKPH  |9 110091 
650 0 7 |a hudobná výchova  |2 SNKPH  |9 1662 
650 0 7 |a podujatia  |2 dszk  |9 405652 
651 7 |a Orechová Potôň (Slovensko)  |2 SNKPHgeo  |9 75051 
773 0 |t Diósförgepatonyi Hírlap = Noviny Orechová Potôň  |g Évf. V, sz. XV (2019), o. 2-3  |x 2453-7241 
958 |a SK 
958 |a HU 
958 |a RG 
999 |c 2134752  |d 2136682